000
00296nam a2200121Ia 4500
008
190216s9999||||xx |||||||||||||| ||und||
100
_a
Fred H Croom
245
0
_a
Basic Concepts Of Algebraic Topology
260
_b
Springer Verlag
_c
1978
300
_a
169p
650
_a
Mathematics
942
_c
BK
999
_c
31407
_d
31407